El misterio de San Andrés /
Zapisane w:
| 1. autor: | |
|---|---|
| Format: | Nieznany |
| Język: | Spanish |
| Wydane: |
México :
Praxis,
1996.
|
| Wydanie: | 1. edición |
| Seria: | ( Colección El Río)
|
| Hasła przedmiotowe: | |
| Etykiety: |
Dodaj etykietę
Nie ma etykietki, Dołącz pierwszą etykiete!
|
MARC
| LEADER | 000000000a22000000004500 | ||
|---|---|---|---|
| 001 | 008079 | ||
| 020 | |a 968764611X | ||
| 041 | 0 | |a spa | |
| 082 | 0 | 4 | |a G863.4 |b L693m |
| 100 | 1 | |a Liano, Dante, |d 1948- | |
| 245 | 1 | 3 | |a El misterio de San Andrés / |c Dante Liano. |
| 250 | |a 1. edición | ||
| 260 | 1 | |a México : |b Praxis, |c 1996. | |
| 300 | |a 400 páginas | ||
| 490 | 1 | |a ( Colección El Río) | |
| 500 | |a La biblioteca tiene otro ejemplar fotocopiado, con número de inscripción 13966 | ||
| 650 | 4 | |a LITERATURA GUATEMALTECA | |
| 650 | 4 | |a NOVELA | |
| 650 | 4 | |a NOVELA HISTORICA | |
| 999 | |c 13698 |d 13698 | ||
| 942 | |c BK |h G863.4 L693m |2 z | ||



